| 000 | 00430nam a22001577a 4500 | ||
|---|---|---|---|
| 005 | 20250915120734.0 | ||
| 008 | 250915b |||||||| |||| 00| 0 eng d | ||
| 020 | _a979-8-88715-062-8 | ||
| 100 | _aBLING, SARAH | ||
| 245 | _aREPRODUCTIVE SYSTEM IN FISHES | ||
| 260 |
_aDUBLIN _bORYSON PRESS _c2023 |
||
| 300 | _aVI, 255P. | ||
| 500 | _aINCLUDES INDEX | ||
| 650 | _a1.FISHES REPRODUCTION 2. FISH PHYSIOLOGY | ||
| 942 |
_2lcc _cBK |
||
| 999 |
_c216085 _d216085 |
||